150 Russian Biggest Cities (Updated) Quiz - Statistics

General Stats
  • This quiz has been taken 39 times
  • The average score is 61 of 150
Answer Stats
Rank Answer Population in 2021 % Correct
1. Moscow 13,010,112
100%
6. Nizhny Novgorod 1,228,199
100%
2. St. Petersburg 5,601,911
96%
16. Volgograd 1,028,036
96%
4. Yekaterinburg 1,544,376
96%
3. Novosibirsk 1,633,595
92%
11. Rostov on Don 1,142,162
92%
26. Vladivostok 603,519
92%
5. Kazan 1,308,660
88%
43. Sochi 466,078
88%
71. Murmansk 270,384
83%
12. Omsk 1,125,695
83%
9. Samara 1,173,299
83%
25. Irkutsk 617,264
79%
10. Ufa 1,144,809
79%
51. Yakutsk 355,443
79%
7. Chelyabinsk 1,189,525
75%
39. Kaliningrad 490,449
75%
13. Krasnodar 1,099,344
75%
8. Krasnoyarsk 1,187,771
75%
15. Perm 1,034,002
75%
57. Grozny 328,533
71%
66. Arkhangelsk 301,199
67%
14. Voronezh 1,057,681
67%
22. Makhachkala 623,254
63%
19. Tolyatti 684,709
63%
27. Yaroslavl 577,279
63%
53. Belgorod 339,978
58%
49. Bryansk 379,152
58%
21. Izhevsk 623,472
58%
23. Khabarovsk 617,441
58%
44. Kursk 440,052
58%
17. Saratov 901,361
58%
59. Smolensk 316,570
58%
29. Tomsk 556,478
58%
45. Ulan-Ude 437,565
58%
40. Astrakhan 475,629
54%
42. Kirov 468,212
54%
65. Oryol 303,169
54%
36. Penza 501,109
54%
93. Pskov 193,082
54%
34. Ryazan 528,599
54%
46. Tver 416,219
54%
18. Tyumen 847,488
54%
86. Velikiy Novgorod 224,286
54%
62. Vologda 313,944
54%
37. Cheboksary 497,807
50%
55. Kaluga 337,058
50%
38. Lipetsk 496,403
50%
32. Orenburg 543,654
50%
108. Petropavlovsk-Kamchatsky 164,900
50%
31. Stavropol 547,443
50%
41. Tula 473,622
50%
67. Vladikavkaz 295,830
50%
52. Vladimir 349,951
50%
20. Barnaul 630,877
46%
56. Chita 334,427
46%
50. Ivanovo 361,644
46%
72. Kostroma 267,481
46%
47. Magnitogorsk 410,594
46%
61. Saransk 314,871
46%
74. Tambov 261,803
46%
24. Ulyanovsk 617,352
46%
85. Engels 225,428
42%
28. Kemerovo 557,119
42%
63. Kurgan 310,911
42%
54. Nizhny Tagil 338,966
42%
73. Novorossiysk 262,293
42%
82. Petrozavodsk 234,897
42%
91. Syktyvkar 220,580
42%
97. Abakan 184,769
38%
35. Balashikha 520,962
38%
64. Cherepovets 305,185
38%
75. Khimki 257,128
38%
30. Naberezhnye Chelny 548,434
38%
80. Blagoveshchensk 241,437
33%
92. Dzerzhinsk 218,630
33%
81. Komsomolsk on Amur 238,505
33%
95. Krasnogorsk 187,634
33%
87. Lyubertsy 224,195
33%
33. Novokuznetsk 537,480
33%
94. Orsk 189,195
33%
60. Podolsk 314,934
33%
119. Pyatigorsk 146,473
33%
89. Stary Oskol 221,676
33%
70. Sterlitamak 277,410
33%
48. Surgut 396,443
33%
78. Taganrog 245,120
33%
58. Volzhsky 321,479
33%
100. Yuzhno-Sakhalinsk 181,587
33%
90. Angarsk 221,296
29%
96. Armavir 187,177
29%
98. Balakovo 184,466
29%
88. Bratsk 224,071
29%
77. Nalchik 247,054
29%
79. Nizhnekamsk 241,479
29%
68. Nizhnevartovsk 283,256
29%
105. Norilsk 174,453
29%
104. Rybinsk 177,295
29%
69. Yoshkar-Ola 281,248
29%
134. Derbent 124,953
25%
121. Maykop 143,385
25%
117. Miass 147,995
25%
76. Mytishchi 255,429
25%
84. Shakhty 226,452
25%
112. Zlatoust 161,774
25%
99. Biysk 183,852
21%
115. Domodedovo 152,404
21%
133. Kyzyl 125,241
21%
111. Almetyevsk 163,512
17%
148. Cherkessk 113,226
17%
83. Korolyov 228,095
17%
122. Nakhodka 139,931
17%
128. Neftekamsk 131,942
17%
135. Nefteyugansk 124,732
17%
110. Novocherkassk 163,674
17%
132. Obninsk 125,376
17%
101. Odintsovo 180,530
17%
103. Prokopyevsk 177,819
17%
113. Severodvinsk 157,213
17%
106. Volgodonsk 168,048
17%
150. Dimitrovgrad 110,968
13%
138. Dolgoprudny 120,907
13%
120. Elektrostal 146,403
13%
109. Kamensk-Uralsky 164,192
13%
114. Khasavyurt 155,144
13%
129. Kislovodsk 127,521
13%
124. Kolomna 134,850
13%
136. Nazran 122,350
13%
140. Novomoskovsk 119,697
13%
143. Oktyabrsky 115,557
13%
116. Salavat 148,575
13%
126. Serpukhov 133,793
13%
107. Syzran 165,725
13%
102. Ussuriysk 180,393
13%
141. Yessentuki 119,658
13%
149. Zhukovsky 111,222
13%
130. Bataysk 126,988
8%
123. Berezniki 138,069
8%
137. Kaspiysk 121,140
8%
118. Kopeysk 147,806
8%
127. Kovrov 132,417
8%
146. Mikhaylovsk 114,133
8%
139. Novocheboksarsk 120,375
8%
145. Pervouralsk 114,450
8%
144. Ramenskoye 114,537
8%
147. Reutov 113,871
8%
131. Rubtsovsk 126,834
8%
142. Nevinnomyssk 117,562
4%
125. Shchyolkovo 134,211
4%
No matching quizzes found
Score Distribution
Percent of People with Each Score
Percentile by Number Answered
Your Score History
You have not taken this quiz